<?xml version="1.0" encoding="UTF-8"?>
<record
    xmlns:xsi="http://www.w3.org/2001/XMLSchema-instance"
    xsi:schemaLocation="http://www.loc.gov/MARC21/slim http://www.loc.gov/standards/marcxml/schema/MARC21slim.xsd"
    xmlns="http://www.loc.gov/MARC21/slim">

  <leader>006730000a22001810004500</leader>
  <datafield tag="090" ind1=" " ind2=" ">
    <subfield code="a">As</subfield>
    <subfield code="b">Seriadas</subfield>
  </datafield>
  <datafield tag="100" ind1="1" ind2=" ">
    <subfield code="a">Murcia Rodr&#xED;guez, Miguel Antonio</subfield>
    <subfield code="9">100481</subfield>
  </datafield>
  <datafield tag="700" ind1="1" ind2=" ">
    <subfield code="a">Ochoa Reyes, Martha Patricia</subfield>
    <subfield code="9">100482</subfield>
  </datafield>
  <datafield tag="245" ind1="1" ind2="0">
    <subfield code="a">Respiraci&#xF3;n del suelo en una comunidad sucesional de pastizal del bosque altoandino en la cuenca del r&#xED;o Pamplonita, Colombia</subfield>
  </datafield>
  <datafield tag="041" ind1="0" ind2=" ">
    <subfield code="a">Espa&#xF1;ol</subfield>
  </datafield>
  <datafield tag="650" ind1="1" ind2="4">
    <subfield code="a">Bosques altoandinos</subfield>
    <subfield code="9">2831</subfield>
  </datafield>
  <datafield tag="650" ind1="1" ind2="4">
    <subfield code="a">Pastizales</subfield>
    <subfield code="9">100483</subfield>
  </datafield>
  <datafield tag="650" ind1="1" ind2="4">
    <subfield code="a">Sucesi&#xF3;n ecol&#xF3;gica</subfield>
    <subfield code="9">7546</subfield>
  </datafield>
  <datafield tag="650" ind1="1" ind2="4">
    <subfield code="a">Estacionalidad</subfield>
    <subfield code="9">7232</subfield>
  </datafield>
  <datafield tag="651" ind1=" " ind2="4">
    <subfield code="d">Norte de Santander</subfield>
    <subfield code="l">Reserva Natural El Volc&#xE1;n</subfield>
    <subfield code="m">Pamplona</subfield>
    <subfield code="9">92749</subfield>
  </datafield>
  <datafield tag="942" ind1=" " ind2=" ">
    <subfield code="c">ARTICULO</subfield>
  </datafield>
  <datafield tag="773" ind1="1" ind2=" ">
    <subfield code="t">Caldasia</subfield>
    <subfield code="h">2</subfield>
    <subfield code="q">337-353</subfield>
    <subfield code="d">2008</subfield>
    <subfield code="g">30</subfield>
  </datafield>
  <datafield tag="999" ind1=" " ind2=" ">
    <subfield code="c">16269</subfield>
    <subfield code="d">16269</subfield>
  </datafield>
</record>
